| 000 | 00480nam a2200169Ia 4500 | ||
|---|---|---|---|
| 008 | 230917s9999||||xx |||||||||||||| ||und|| | ||
| 020 | _cGBP24.99 | ||
| 040 |
_e249735 _aMAIN |
||
| 041 | _aEnglish | ||
| 082 | _a823.09 C767C | ||
| 100 | _aAcheson, James, ed. | ||
| 245 | 0 | _aContemporary British novel since 2000 | |
| 260 |
_aEdinburgh _bEdinburgh University Press _c2017 |
||
| 300 | _avi, 214 p. | ||
| 500 | _a3255 23/08/2018 APD18/1081673 27/08/2018 Main Budget | ||
| 942 | _cBK | ||
| 999 |
_c28040 _d28040 |
||